Antara hasrat dengan hakikat

Bibliographic Details
Main Author: SHAM Sani
Format: Book
Published: Bangi : Penerbit UKM , 1997
Subjects:

MARC

LEADER 00000cam a2200000 7i4500
001 0000001041
005 20131212.0
020 0 0 |a 9679423875 
090 0 0 |a 378.595   |b SHA 1997 
100 0 0 |a SHAM Sani 
245 1 0 |a Antara hasrat dengan hakikat   |c Sham Sani 
260 0 0 |a Bangi :   |b Penerbit UKM ,   |c 1997 
300 |a 22 p. ;   |c 23 cm. 
610 1 0 |a Universiti Kebangsaan Malaysia 
650 0 0 |a Universiti Kebangsaan Malaysia   |x Planning 
998 |a JPSM 
999 |a 0000001408   |b Monograph   |c Open Shelf   |e Default branch